ბათუმის შოთა რუსთაველის სახელმწიფო უნივერსიტეტის ბიბლიოთეკა

Repair Manual.The complete Guide to Home Maintenance (ბიბ.ჩანაწერი № 46629)

000 -LEADER
fixed length control field 00491nam a2200193Ia 4500
001 - CONTROL NUMBER
control field 13469
003 - CONTROL NUMBER IDENTIFIER
control field GE_BSU
008 - FIXED-LENGTH DATA ELEMENTS--GENERAL INFORMATION
fixed length control field 181216s||||||||xx |||||||||||||| ||und||
040 ## - CATALOGING SOURCE
Transcribing agency GE_BSU
080 ## - UNIVERSAL DECIMAL CLASSIFICATION NUMBER
Universal Decimal Classification number 643/645
245 ## - TITLE STATEMENT
Title Repair Manual.The complete Guide to Home Maintenance
260 ## - PUBLICATION, DISTRIBUTION, ETC.
Place of publication, distribution, etc. London
260 ## - PUBLICATION, DISTRIBUTION, ETC.
Name of publisher, distributor, etc. Readers digest association limited
260 ## - PUBLICATION, DISTRIBUTION, ETC.
Date of publication, distribution, etc. 1972
300 ## - PHYSICAL DESCRIPTION
Extent 703p.19cm.ill.
653 ## - INDEX TERM--UNCONTROLLED
Uncontrolled term Repair Manual
653 ## - INDEX TERM--UNCONTROLLED
Uncontrolled term The complete Guide to Home Maintenance
942 ## - ADDED ENTRY ELEMENTS (KOHA)
Koha item type წიგნი
ეგზემპლარები
Withdrawn status Lost status Damaged status Not for loan Date acquired Barcode Date last seen Price effective from Koha item type
        2018-12-17 36961 2018-12-17 2018-12-17 წიგნი